000 01520cam a2200385 a 4500
001 blackvalentine00sarg
003 CaSfIA
005 20210117220916.0
007 cr||||
008 880210s1988 nyu 000 1 eng
010 _a 88003724
040 _aDLC
_cDLC
_dOCL
_dOCLCQ
_dBTCTA
_dYDXCP
_dBAKER
_dCaSfIA
020 _a0517569620 :
_c$18.95
020 _a9780517569627
035 _a(OCoLC)17549139
043 _ae-cs---
050 0 0 _aPS3569.A6894
_bB56 1988
082 0 0 _a813/.54
_219
100 1 _aSargent, Patricia.
245 1 0 _aBlack Valentine /
_h[electronic resource]
_cPatricia Sargent.
250 _a1st ed.
260 _aNew York :
_bCrown,
_cc1988.
300 _a264 p. ;
_c24 cm.
651 0 _aCzechoslovakia
_xHistory
_yIntervention, 1968
_vFiction.
655 7 _aHistorical fiction.
_2gsafd
655 7 _aAdventure fiction.
_2gsafd
856 4 1 _uhttp://www.archive.org/details/blackvalentine00sarg
_zFree eBook from the Internet Archive
856 4 2 _uhttp://www.openlibrary.org/books/OL2528388M
_zAdditional information and access via Open Library
029 1 _aYDXCP
_b442558
029 1 _aNZ1
_b3466886
029 1 _aAU@
_b000005742571
942 _cEB
506 _fНеобхідна авторизація на https://archive.org/ (створення облікового запису безкоштовно)
506 _fНеобхідна авторизація на https://openlibrary.org/ (створення облікового запису безкоштовно)
999 _c474966
_d474966